000 01343cam a2200385Ii 4500
999 _c5461
_d5461
001 on1002642671
003 OCoLC
005 20200831132436.0
008 170731s2017 sz bv i001 0 eng d
020 _a9789287045294
020 _a9287045291
035 _a(OCoLC)1002642671
040 _aEQO
_beng
_erda
_cTZ-ArACH
049 _aTZAA
050 4 _aK2400
_b.W67 2016
245 0 0 _aWTO dispute settlement system :
_bone-page case summaries 1995-2016 /
_cWorld Trade Organization.
250 _a2017 edition.
260 _aGeneva :
_bWorld Trade Organization,
_c2017.
300 _a245 pages ;
_c30 cm
500 _aCover title.
504 _aIncludes bibliographical references and index.
610 2 0 _aWorld Trade Organization.
_95143
610 2 7 _aWorld Trade Organization.
_2fast
_95143
650 0 _aTrade regulation
_vCases.
650 0 _aArbitration agreements, Commercial.
_97934
650 0 _aInternational commercial arbitration.
650 0 _aDispute resolution (Law)
_vCases.
650 7 _aArbitration agreements, Commercial.
_2fast
_97934
650 7 _aDispute resolution (Law)
_2fast
650 7 _aInternational commercial arbitration.
_2fast
650 7 _aTrade regulation.
_2fast
655 7 _aTrials, litigation, etc.
_2fast
710 2 _aWorld Trade Organization,
_eissuing body.
_95143
942 _2lcc
_cBOOK